<?xml version="1.0" encoding="UTF-8"?>
<collection xmlns="http://www.loc.gov/MARC21/slim">
 <record>
  <leader>00910pamaa2200241   4500</leader>
  <controlfield tag="001">0000047571</controlfield>
  <controlfield tag="005">20130815090000.0</controlfield>
  <controlfield tag="008">100812                             eng  </controlfield>
  <datafield tag="020" ind1="0" ind2="0">
   <subfield code="a">7810106589 (pbk.) </subfield>
  </datafield>
  <datafield tag="090" ind1="0" ind2="0">
   <subfield code="a">RS180.C5 </subfield>
   <subfield code="b">SCI 2003</subfield>
  </datafield>
  <datafield tag="240" ind1="0" ind2="0">
   <subfield code="a">Zhong Yao Xue</subfield>
  </datafield>
  <datafield tag="245" ind1="1" ind2="0">
   <subfield code="a">Science of Chinese Materia Medica = </subfield>
   <subfield code="l">Zhong Yao Xue  </subfield>
   <subfield code="c">Compiler in Chief Tang Decai, Translator in chief  Xun Jianying.</subfield>
  </datafield>
  <datafield tag="250" ind1="0" ind2="0">
   <subfield code="a">1st ed.</subfield>
  </datafield>
  <datafield tag="260" ind1="0" ind2="0">
   <subfield code="a">Shanghai, China: </subfield>
   <subfield code="b">Publishing House of Shanghai University of Traditional Chinese Medicine, </subfield>
   <subfield code="c">2003.</subfield>
  </datafield>
  <datafield tag="300" ind1=" " ind2=" ">
   <subfield code="a">378p: </subfield>
   <subfield code="b">ill.; </subfield>
   <subfield code="c">26 cm.</subfield>
  </datafield>
  <datafield tag="500" ind1="0" ind2="0">
   <subfield code="a">A newly compiled practical English-Chinese library of traditional Chinese medicine</subfield>
  </datafield>
  <datafield tag="500" ind1="0" ind2="0">
   <subfield code="a">In Chinese-English</subfield>
  </datafield>
  <datafield tag="501" ind1="0" ind2="0">
   <subfield code="a">FMHS</subfield>
  </datafield>
  <datafield tag="650" ind1="0" ind2="0">
   <subfield code="a">Medicine, Chinese </subfield>
  </datafield>
  <datafield tag="650" ind1="0" ind2="0">
   <subfield code="a">Herbs -- </subfield>
   <subfield code="x">Therapeutic use -- </subfield>
   <subfield code="z">China </subfield>
  </datafield>
  <datafield tag="650" ind1="0" ind2="0">
   <subfield code="a">Materia medica, Vegetable -- </subfield>
   <subfield code="z">China </subfield>
  </datafield>
  <datafield tag="700" ind1="1" ind2="1">
   <subfield code="a">Decai, </subfield>
   <subfield code="h">Tang </subfield>
  </datafield>
  <datafield tag="700" ind1="1" ind2="1">
   <subfield code="a">Jianying, </subfield>
   <subfield code="h">Xun </subfield>
  </datafield>
 </record>
</collection>
